000 01473cam a22004098i 4500
999 _c5340
_d5340
001 21420125
003 OSt
005 20250908101245.0
008 200206s2020 ilu c 000 1 eng
010 _a 2020005286
020 _a9781728232423
035 _a21420125
040 _aDLC
_beng
_erda
_cDLC
_dKH8
042 _apcc
_alcac
082 _aFIC CUR
100 1 _aCurrie, Lindsay,
_eauthor.
245 1 0 _aScritch scratch /
_cLindsay Currie.
263 _a2009
264 1 _aNaperville, IL :
_bSourcebooks Young Readers,
_c[2020]
300 _a277 pages:
_billustrations ;
_c21 cm.
336 _atext
_btxt
_2rdacontent
337 _aunmediated
_bn
_2rdamedia
338 _avolume
_bnc
_2rdacarrier
520 _aHaunted after helping her father on his ghost-themed Chicago bus tour, twelve-year-old Claire must discover what the spectral boy from the bus wants before it is too late.
521 _aAges 10-14.
_bSourcebooks Young Readers.
521 _aGrades 7-9.
_bSourcebooks Young Readers.
610 2 1 _aEastland (Ship)
_vFiction.
650 1 _aGhosts
_vFiction
650 1 _aFamily life
_vFiction.
650 1 _aFriendship
_vFiction.
650 1 _aShipwrecks
_vFiction.
650 1 _aMystery and detective stories.
651 1 _aChicago (Ill.)
_vFiction.
655 7 _aFiction.
_2lcgft
_0https://id.loc.gov/authorities/genreForms/gf2014026339
655 7 _aFiction.
_2lcgft
_0https://id.loc.gov/authorities/genreForms/gf2014026339
942 _2ddc
_cFIC